Statistics for Russia Trivia

Click here to take the quiz!

General Stats

  • This quiz has been taken 19 times
  • The average score is 6 of 15

Answer Stats

HintAnswer% Correct
Russia was formally known as the?Soviet Union
100%
Russia has the surface area as which planet?Pluto
94%
Which country bought alska of Russia?USA
82%
Is it a criminal offence to drive a dirty car in RussiaYes
82%
True or False Putin didn't learn russian till he was 8? | True or False during Peter The Greats rule there was a beard tax?True
76%
How many claimed hidden cities do Russia own?15
53%
What company are worth more than the Russian stock market?Apple
47%
Since WWII Russia hasn't signed a peace treaty with a country name that countryJapan
35%
How many more Women are there than men?9 Million
0%
What is illegal to tell kids?Gay people exist
0%
How many nukes do russia own?8400
0%
What is the dialling code for russia?007
0%
What did Stalin do to fund communism?Order armed bank robbery
0%
Wealthy Russians pay for what to beat Moscow traffic?Fake Ambulances
0%

Score Distribution

Percentile by Number Answered

Percent of People with Each Score

Your Score History

You have not taken this quiz